| 000 | 00537nam a2200217Ia 4500 | ||
|---|---|---|---|
| 003 | 0100 | ||
| 008 | 130307s9999 xx 000 0 und d | ||
| 020 | _a0860686736 | ||
| 040 | _cARRUPELIB | ||
| 050 | _aPS3551.N464Z475 1985 | ||
| 100 | _aAngelou, Maya | ||
| 245 | _aSingin' and Swingin' and gettin' Merry like Christmas | ||
| 260 | _aLondon | ||
| 260 | _bVirago press | ||
| 260 | _c1985 | ||
| 300 | _a269p. | ||
| 300 | _b21cm | ||
| 650 | _bPaul, Saint, Apostle | ||
| 650 | _cBible NT Epistle of Paul--Theology | ||
| 942 | 0 | 0 | _01 |
| 999 |
_c97490 _d97490 |
||